01834pab a2200181 454500008004000000100002100040245007100061260000900132300001400141362000800155520129300163650001801456650001801474773002801492909001001520999001701530952010501547180718b2003 xxu||||| |||| 00| 0 eng d aHeydebrand, Wolf aProcess rationality as legal governance: a comparative perspective c2003 ap.325-49. aJun aThis article offers a comparative sociological perspective on the transformation of law and legal rationality in the US and continental Europe during the 20th century. It takes off from Max Weber's categories of formal and substantive legal rationality and proposes to examine post-Weberian developments in common and civil law from a new perspective, namely the rise of negotiated process rationality and its variants as emergent modes of legal governance. Process rationality is embedded in social networks as structures-in-process. In contrast to conventional forms of institutional government, governance is a series of informal, flexible and expedient strategies of problem-solving and crisis management based on bargaining and negotiation. The incipient privatization, commercialization and denationalization of law are understood as consequences of the postwar transnational expansion of American common law in the wake of globalization and the growth of American common law in the wake of globalization and the growth of US economic and political influence. The theoretical and practical implications of the rise of process rationality for constitutional jurisprudence and adjudication are profound, but require a separate technical analysis and critical discussion. - Reproduced. aGlobalization aLegal systems aInternational Sociology a57190 c57190d57190 00104070aIIPAbIIPAd2018-07-19hVolume no: 118, Issue no: 2pAR57635r2018-07-19w2018-07-19yAR